|
|
|
|
| LEADER |
00976nam a2200229 a 4500 |
| 001 |
1277997 |
| 008 |
100222s1975 nyu b 000 0 eng d |
| 010 |
|
|
|a 75330544
|
| 040 |
|
|
|a DLC
|c DLC
|d DLC
|d BD-DhAAL
|
| 082 |
0 |
0 |
|a 331.4/09172/4
|2 17
|
| 100 |
1 |
|
|a Boserup, Ester.
|
| 245 |
1 |
0 |
|a Integration of women in development :
|b why, when, how /
|c Ester Boserup, Christina Liljencrantz.
|
| 260 |
|
|
|a New York :
|b United Nations Development Programme,
|c 1975.
|
| 300 |
|
|
|a 42 p. ;
|c 22 cm.
|
| 504 |
|
|
|a Includes Bibliography (p. 42.)
|
| 541 |
1 |
|
|e 00001390
|
| 650 |
|
0 |
|a Women
|x Employment
|z Developing countries.
|
| 650 |
|
0 |
|a Women in development
|z Developing countries.
|
| 700 |
1 |
|
|a Liljencrantz, Christina,
|d 1941-
|e joint author.
|
| 852 |
4 |
|
|a Ayesha Abed Library
|j General shelf
|
| 999 |
|
|
|c 7923
|d 7923
|
| 952 |
|
|
|0 0
|1 0
|2 ddc
|4 0
|6 331_409172400000000_BOS_1975
|7 0
|9 8883
|a BRACUL
|b BRACUL
|c GEN
|d 2010-03-30
|g 0.00
|l 0
|o 331.4091724 BOS
|p 3010001390
|r 2010-03-30
|t 1
|w 2010-03-30
|y BK
|z Not price in Register
|